| Поле | Инд. | ПП | Название | Значение |
|---|---|---|---|---|
| Тип записи | a | |||
| Библиографический уровень | b | |||
| 001 | Контрольный номер | RU/IS/BASE/148579005 | ||
| 005 | Дата корректировки | 20200522190718.8 | ||
| 084 | a | Индекс другой классификации/Индекс ББК | 66.4(0),301; 66.4(7США); 66.4(2Рос) | |
| 100 | 1_ | a | Автор | Трофименко Г. |
| 245 | a | Заглавие | К проблеме восстановления баланса сил на мировой арене | |
| 504 | a | Библиография | Библиогр. ссылки | |
| 650 | a | Основная рубрика | международные отношения | |
| a | Основная рубрика | политика | ||
| 653 | a | Ключевые слова | "равновесие страха" | |
| a | Ключевые слова | баланс ядерных сил | ||
| a | Ключевые слова | международная безопасность | ||
| a | Ключевые слова | международная политика | ||
| a | Ключевые слова | международная политическая система | ||
| a | Ключевые слова | международный правопорядок | ||
| a | Ключевые слова | мировая политика | ||
| a | Ключевые слова | Россия | ||
| a | Ключевые слова | система международных отношений | ||
| a | Ключевые слова | США | ||
| a | Ключевые слова | теория международных отношений | ||
| a | Ключевые слова | ядерное вооружение | ||
| 773 | t | Заглавие источника | Вестник Московского университета. Серия 18, Социология и политология | |
| d | Дата издания источника | 2001 | ||
| g | Прочая информация | № 4. - С. 40 - 49 | ||
| w | Контрольный № источника | RU/IS/BASE/148578751 | ||
| 901 | t | Тип документа | b |